000 00644nam a2200181Ia 4500
008 151018s9999 xx 000 0 und d
082 _bRBASDV27711
_a891.463
100 _aसरोजिनी शारंगपाणी
245 _aब्रम्हास्त्र
250 _b1
260 _bरविराज प्रकाशन पुणे
_c1996
300 _a113
600 _aसरोजिनी शारंगपाणी
630 _aब्रम्हास्त्र
700 _aसरोजिनी शारंगपाणी
730 _aब्रम्हास्त्र
942 _cBOOK
999 _c1027300
_d1027297